=LDR 00000nam 2200000 4500 =001 INLIS000000001052448 =005 20240829032048 =035 ##$$a 0010-0824000266 =007 ta =008 240829################a##########j###### =020 ##$$a 978-89-6509-697-9 =082 ##$$a 028.55 =084 ##$$a 028.55 JIN c =100 #$$a Jin Seon-ju =245 1#$$a Clay adalah seorang pesulap /$c Jin Seon-ju =260 ##$$a Gyeonggi-do :$b Tongkeun World =300 ##$$a 31 hlm. : $b ilus. ; $c 24 cm =600 #4$$a Bacaan kanak-kanak =990 ##$$a 3202401837